LEADER 01396nam a2200277 u 4500 001 000000052538 003 CaOOAMICUS 005 20070226115447.0 008 001018s1936 it u000 u ita u 035 $a10858659 040 $aPUL(R)$bita 100 1 $aJemolo, Arturo Carlo,$d1891-1981.$0(OLS)http://pul/name/3660 245 10$aConsiderazioni sulla giurisprudenza dell'ultimo decennio in materia di decime :$bcon particolare riguardo a qualla della Corte di Venenzia e dei Tribunali Veneti /$cArturo Carlo Jemolo. 260 $aFirenze :$bCya,$c1936. 300 $aP. [3]-78 ;$c25 cm 500 $a"Estratto dalla Raccolta di studi in onore di Francesco Scaduto". 504 $aBibliografia in nota. 650 4$aDiritto ecclesiastico$zItalia.$0(OLS)http://pul/subject/2957 650 4$aTassazione (diritto).$0(OLS)http://pul/subject/12693 651 4$aVeneto$xStoria.$0(OLS)http://pul/subject/10483 850 $aPUL 852 $aPUL$W1$xDP1 Fondo Ciprotti$y59$m1544 E 101$j69449$nBK-PRI$b $qFondi$B69449$CPULBib$Z2$F69449 $H $81 941 1 $a1 961 $aINV: F. Ciprotti 996 $6245$aConsiderazioni sulla giurisprudenza dell'ultimo decennio in materia di decime :$bcon particolare riguardo a qualla della Corte di Venenzia e dei Tribunali Veneti$9(OLS)http://pul/title/70454 996 $6260$aFirenze :$bCya$9(OLS)http://pul/publisher/64780 LEADER 01333nam a2200289 i 4500 001 000000106473 003 CaOOAMICUS 005 20070827100912.0 008 070827s1996 gw a 000 u ger c 020 $a3-11-014892-7 040 $aPUG$bita$dPUL$dLDB 245 00$aIndividuum und Individualität im Mittelalter /$chrsg. von Jan A. Aertsen und Andreas Speer ; f??r den Druck besorgt von Andreas Speer. 260 $aBerlin ;$aNew York :$bDe Gruyter,$c1996. 300 $axxiii, 878 p. :$bill. ;$c25 cm 490 1 $aMiscellanea mediaevalia ;$v024 650 14$aPersona (filosofia).$0(OLS)http://pul/subject/2012 650 14$aFilosofia medievale.$0(OLS)http://pul/subject/139 700 1 $aSpeer, Andreas,$c1957-$0(OLS)http://pul/name/6518 700 1 $aAertsen, Jan A.$0(OLS)http://pul/name/26621 830 0$aMiscellanea mediaevalia ;$v024.$0(OLS)http://pul/title/407 850 $aPUL 852 $aPUL$W1$xSL Filosofia 1$y2$m105(1) F 24$j120191$qStampati$B119603$CPULBib$Z2$F119603 $H74541 $82 941 1 $a8 960 $aFilosofia medioevale$9139 996 $6020$a3-11-014892-7$9(OLS)http://pul/number/135292 996 $6245$aIndividuum und Individualität im Mittelalter$9(OLS)http://pul/title/134086 996 $6260$aBerlin ;$aNew York :$bDe Gruyter$9(OLS)http://pul/publisher/60281